Quiz sugli Stati Uniti d'America - Statistics

Statistiche generali
  • Questo quiz è stato fatto 8.165 volte
  • Il punteggio medio è 14 su 24
Statistiche sulle risposte
Definizione Risposta % Corretto
Paesi confinanti Canada
99%
Capitale Washington
99%
Messico
98%
Prime quattro città più popolose New York
94%
Numero degli stati che compongono gli USA 50
92%
Los Angeles
86%
Animale nazionale Aquila calva
82%
Stato situato interamente su isole Hawaii
82%
Prima persona ad aver camminato sulla luna Neil Armstrong
76%
Maggiori partiti politici Democratico
64%
Chicago
62%
Repubblicano
62%
Stato più grande per area Alaska
61%
Fiume più lungo Mississippi / Missouri
61%
Guerra che ha ucciso il maggior numero di americani Guerra {civile}
53%
Stato più piccolo per area Rhode Island
48%
Atleta con il numero più alto di medaglie olimpiche vinte Michael Phelps
37%
Località dove è stata registrata la temperatura più alta mai registrata al mondo Valle della Morte
26%
Principale autore della Dichiarazione d'Indipendenza Thomas Jefferson
25%
Houston
24%
Nome del maggiore dei Grandi Laghi al confine con il Canada Lago {Superiore}
17%
Montagna più alta McKinley (o Denali)
13%
Nome dei primi 10 emendamenti della Costituzione Bill of Rights
9%
Inno nazionale The Star-Spangled Banner
8%
Nessun quiz corrispondente trovato
Distribuzione punteggi
Percentuale di utenti per punteggio
Percentile per numero di risposta
I tuoi punteggi nel tempo
Non hai fatto questo quiz